MARC details
| 000 -LEADER |
| fixed length control field |
02405cam a2200637 a 4500 |
| 001 - CONTROL NUMBER |
| control field |
20274 |
| 003 - CONTROL NUMBER IDENTIFIER |
| control field |
VRT |
| 005 - DATE AND TIME OF LATEST TRANSACTION |
| control field |
20260120142812.0 |
| 008 - FIXED-LENGTH DATA ELEMENTS--GENERAL INFORMATION |
| fixed length control field |
240226s1979 xo oa grnf 001 0 slo |
| 015 ## - NATIONAL BIBLIOGRAPHY NUMBER |
| National bibliography number |
SNBA1980 |
| 020 ## - INTERNATIONAL STANDARD BOOK NUMBER |
| Qualifying information |
(viazané) |
| 035 ## - SYSTEM CONTROL NUMBER |
| System control number |
SNK000052526 |
| 035 ## - SYSTEM CONTROL NUMBER |
| System control number |
38ACF93A-19DA-418D-814A-9D5834E77267 |
| 035 ## - SYSTEM CONTROL NUMBER |
| System control number |
urn:nbn:sk:snk-am00ij5m |
| 039 #9 - LEVEL OF BIBLIOGRAPHIC CONTROL AND CODING DETAIL [OBSOLETE] |
| Level of rules in bibliographic description |
202412171333 |
| Level of effort used to assign nonsubject heading access points |
AUTHORITY |
| Level of effort used to assign subject headings |
202402261455 |
| Level of effort used to assign classification |
VLOAD |
| Level of effort used to assign subject headings |
202305011819 |
| Level of effort used to assign classification |
VLOAD |
| Level of effort used to assign subject headings |
202304281420 |
| Level of effort used to assign classification |
VLOAD |
| 040 ## - CATALOGING SOURCE |
| Original cataloging agency |
SNK |
| Language of cataloging |
slo |
| Transcribing agency |
SNK |
| Description conventions |
AACR2 |
| 041 1# - LANGUAGE CODE |
| Language code of text/sound track or separate title |
slo |
| Language code of original |
ger |
| 044 ## - COUNTRY OF PUBLISHING/PRODUCING ENTITY CODE |
| MARC country code |
xo |
| ISO country code |
SK |
| 072 #7 - SUBJECT CATEGORY CODE |
| Subject category code |
58 |
| Subject category code subdivision |
Botanika |
| Source |
konspekt |
| 080 ## - UNIVERSAL DECIMAL CLASSIFICATION NUMBER |
| Universal Decimal Classification number |
582.85(035.5) |
| Edition identifier |
1981 |
| 080 ## - UNIVERSAL DECIMAL CLASSIFICATION NUMBER |
| Universal Decimal Classification number |
582.661.56 |
| Edition identifier |
2011 |
| 080 ## - UNIVERSAL DECIMAL CLASSIFICATION NUMBER |
| Universal Decimal Classification number |
635.914 |
| Edition identifier |
2011 |
| 080 ## - UNIVERSAL DECIMAL CLASSIFICATION NUMBER |
| Universal Decimal Classification number |
635.9 |
| Edition identifier |
2011 |
| 080 ## - UNIVERSAL DECIMAL CLASSIFICATION NUMBER |
| Universal Decimal Classification number |
635.9.018 |
| Edition identifier |
2011 |
| 080 ## - UNIVERSAL DECIMAL CLASSIFICATION NUMBER |
| Universal Decimal Classification number |
(035) |
| Edition identifier |
2011 |
| 080 ## - UNIVERSAL DECIMAL CLASSIFICATION NUMBER |
| Universal Decimal Classification number |
582.711.16 |
| Edition identifier |
2011 |
| 100 1# - MAIN ENTRY--PERSONAL NAME |
| Personal name |
Grunert, Christian, |
| Dates associated with a name |
1900-1975 |
| Relationship |
aut |
| 240 10 - UNIFORM TITLE |
| Uniform title |
Kakteen und andere schöne Sukkulenten |
| Language of a work |
Slovensky |
| 245 10 - TITLE STATEMENT |
| Title |
Kaktusy a iné sukulenty |
| Statement of responsibility, etc. |
Christian Grunert, Georg Viedt, Hans-Günther Kaufmann ; [z nemeckého originálu Kakteen und andere schöne Sukkulenten ... preložili Ada Pagáčová a Mikuláš Krippel] |
| 250 ## - EDITION STATEMENT |
| Edition statement |
1. vyd. |
| 260 ## - PUBLICATION, DISTRIBUTION, ETC. |
| Place of publication, distribution, etc. |
Bratislava |
| Name of publisher, distributor, etc. |
Príroda |
| Date of publication, distribution, etc. |
1979 |
| Place of manufacture |
Dresden |
| Manufacturer |
Völkerfreundschaft |
| 300 ## - PHYSICAL DESCRIPTION |
| Extent |
320 strán |
| Other physical details |
fotografie (niektoré farebné), ilustrácie |
| Dimensions |
25 cm |
| 366 ## - TRADE AVAILABILITY INFORMATION |
| Note |
25000 výtl. |
| 490 1# - SERIES STATEMENT |
| Series statement |
Rastlinná výroba - Knižnica záhradkára |
| 504 ## - BIBLIOGRAPHY, ETC. NOTE |
| Bibliography, etc. note |
Bibliografia na strane 316. Zoznam botanických názvov rastlín |
| 650 07 - SUBJECT ADDED ENTRY--TOPICAL TERM |
| Topical term or geographic name entry element |
okrasné rastliny |
| Source of heading or term |
SNKPH |
| 650 07 - SUBJECT ADDED ENTRY--TOPICAL TERM |
| Topical term or geographic name entry element |
pestovanie okrasných rastlín |
| Source of heading or term |
SNKPH |
| 650 07 - SUBJECT ADDED ENTRY--TOPICAL TERM |
| Topical term or geographic name entry element |
kaktusy |
| Source of heading or term |
SNKPH |
| 650 07 - SUBJECT ADDED ENTRY--TOPICAL TERM |
| Topical term or geographic name entry element |
sukulenty |
| Source of heading or term |
SNKPH |
| 655 #7 - INDEX TERM--GENRE/FORM |
| Genre/form data or focus term |
príručky |
| Source of term |
SNKPH |
| 700 1# - ADDED ENTRY--PERSONAL NAME |
| Personal name |
Viedt, Georg |
| Relationship |
aut |
| 700 1# - ADDED ENTRY--PERSONAL NAME |
| Personal name |
Kaufmann, Hans-Günther, |
| Dates associated with a name |
1935- |
| Relationship |
aut |
| 700 1# - ADDED ENTRY--PERSONAL NAME |
| Personal name |
Pagáčová, Adela |
| Relationship |
trl |
| 700 1# - ADDED ENTRY--PERSONAL NAME |
| Personal name |
Krippel, Mikuláš |
| Relationship |
trl |
| 830 #0 - SERIES ADDED ENTRY--UNIFORM TITLE |
| Uniform title |
Rastlinná výroba - Knižnica záhradkára |
| 910 ## - USER-OPTION DATA (OCLC) |
| User-option data |
snk |
| 942 ## - ADDED ENTRY ELEMENTS (KOHA) |
| Source of classification or shelving scheme |
Dewey Decimal Classification |
| Koha item type |
Odborná literatúra pre dospelých |
| Suppress in OPAC |
No |
| 949 ## - LOCAL PROCESSING INFORMATION (OCLC) |
| 6 |
2889061733 |
| a |
savukS 80151 |
| 949 ## - LOCAL PROCESSING INFORMATION (OCLC) |
| 6 |
270001000108734 |
| a |
svkbbB 6271 |
| b |
svkbbm 368800 |
| p |
368.800 |
| 949 ## - LOCAL PROCESSING INFORMATION (OCLC) |
| 6 |
17A0020144 |
| a |
snkSC 49439 D1 |
| 949 ## - LOCAL PROCESSING INFORMATION (OCLC) |
| 6 |
273K0157389 |
| a |
svkpoB 46277 |
| b |
svkpo268279 |
| 949 ## - LOCAL PROCESSING INFORMATION (OCLC) |
| 6 |
17A0825761 |
| a |
snkSC 49439 |
| b |
snkKSP 4728/80 |
| s |
6100:20220527 |
| 949 ## - LOCAL PROCESSING INFORMATION (OCLC) |
| 6 |
270001000108732 |
| a |
svkbbB 6271 |
| b |
svkbbm 363998 |
| p |
363.998 |
| 949 ## - LOCAL PROCESSING INFORMATION (OCLC) |
| 6 |
270001000108735 |
| a |
svkbbB 6271 |
| b |
svkbbm 368801 |
| p |
368.801 |